Kpop: trouve la musique grâce aux paroles : groupe masculin - Statistiques

Statistiques générales
  • Ce quiz a été pris 1 271 fois
  • Le résultat moyen est 9 sur 15
Statistiques - réponses
Paroles Réponse % Correct
You can't stop me lovin' myselfOh-oh-owoah (Hey!) Oh-oh-owoah-owoah BTS - Idol
83%
Don't be afraid Love is the way Shawty I got it You can call me monster Exo - Monster
83%
HAKUNA MATATA YA Deodeodeo millyeowa deo HAKUNA MATATA Deodeodeo millyeowa deo ATEEZ - Wave
79%
Ah ah ah ah~ I’m a… Ah ah ah ah~ I’m a… Ah ah ah ah~ I’m a mother father gentleman PSY - GENTLEMAN
72%
Feel like Cinderella naega byeonhae TXT - Cat & Dog
71%
Chitty-chitty, bang, nasareul hana deo ppae, ayy Chillin', chillin', yeah, every day, I'm chillin', yeah Jayuroun momjise ppajyeodeureo, look at me Stray Kids - Charmer
65%
Who's the king who's the boss Da aljanha naeireum Ipman san saekkideul Dangjang nomui mogeul chyeo Daechwita daechwita ja ullyeora daechwita Agust D - Daechwita
64%
Just stop, don't tell me what to do Hunjang gateun jeoju I jeoju soge, I'll be ok, no pain, no pain ENHYPEN - Blessed-Cursed
60%
I wanna
Ride with you
Fall into your eyes
SEVENTEEN - Rock With You
59%
REALLY REALLY REALLY REALLY
Nae mameul mideojwo OH WAH
REALLY REALLY REALLY REALLY
Neol johahae
WINNER - REALLY REALLY
56%
Uh, Joohunnit One Hunnit, yah Excuse me I'm walkin' like zombie uh Monsta X - Shout Out
42%
I don't even care yeogin uril taeul stage Left to the right, we gon' make it, make it bang Put your hands in the air, let me see you bounce To the left, to the right sijakdoeneun round SuperM - Jopping
41%
Jigeumcheoreom manmanmanmanman man isseojumyeon nannannannannan Baralge eopseuni neon amugeosdo bakkuji mamamamama Amu geokjeongmamamamamama GOT7 - Just Right
40%
Da saranghae
Neol saranghae
Neol saranghae
Neol saranghae
Oh my god
Maeil Up and down
TREASURE - I LOVE YOU
40%
Baenneun sungan heartbeat, bum, bum, bum Cool kid daun kick on the drum, drum, drum Sugar pop, I got some, some, some (Hoo) Momi baneunghae like a morning call NCT DREAM - Beatbox
32%
Aucun quiz correspondant
Distribution des résultats
% des personnes avec chaque résultat
Percentile par nombre de réponses
Votre historique - résultats
Vous n’avez pas pris ce quiz